<?xml version="1.0" encoding="UTF-8"?>
<record
    xmlns:xsi="http://www.w3.org/2001/XMLSchema-instance"
    xsi:schemaLocation="http://www.loc.gov/MARC21/slim http://www.loc.gov/standards/marcxml/schema/MARC21slim.xsd"
    xmlns="http://www.loc.gov/MARC21/slim">

  <leader>01391nam a2200205Ia 4500</leader>
  <datafield tag="952" ind1=" " ind2=" ">
    <subfield code="0">0</subfield>
    <subfield code="1">0</subfield>
    <subfield code="4">0</subfield>
    <subfield code="7">0</subfield>
    <subfield code="a">04</subfield>
    <subfield code="b">04</subfield>
    <subfield code="d">2007-07-13</subfield>
    <subfield code="l">3</subfield>
    <subfield code="m">1</subfield>
    <subfield code="o">HF5681.B2 D65 2004</subfield>
    <subfield code="p">04 001042</subfield>
    <subfield code="r">2015-04-22</subfield>
    <subfield code="s">2015-04-22</subfield>
    <subfield code="t">1</subfield>
    <subfield code="w">2012-06-24</subfield>
    <subfield code="y">LB</subfield>
  </datafield>
  <datafield tag="952" ind1=" " ind2=" ">
    <subfield code="0">0</subfield>
    <subfield code="1">0</subfield>
    <subfield code="4">0</subfield>
    <subfield code="7">0</subfield>
    <subfield code="a">04</subfield>
    <subfield code="b">04</subfield>
    <subfield code="d">2008-06-10</subfield>
    <subfield code="l">20</subfield>
    <subfield code="m">4</subfield>
    <subfield code="o">HF5681.B2 D65 2004</subfield>
    <subfield code="p">04 001043</subfield>
    <subfield code="r">2017-06-10</subfield>
    <subfield code="s">2017-06-03</subfield>
    <subfield code="t">2</subfield>
    <subfield code="w">2012-06-24</subfield>
    <subfield code="y">LB</subfield>
  </datafield>
  <datafield tag="999" ind1=" " ind2=" ">
    <subfield code="c">61980</subfield>
    <subfield code="d">61980</subfield>
  </datafield>
  <controlfield tag="008">120625s2004    mx      r     001 0 spa d</controlfield>
  <datafield tag="020" ind1=" " ind2=" ">
    <subfield code="a">9706765794</subfield>
  </datafield>
  <datafield tag="050" ind1=" " ind2="4">
    <subfield code="a">HF5681.B2 </subfield>
    <subfield code="b">D65 2004</subfield>
  </datafield>
  <datafield tag="100" ind1="1" ind2=" ">
    <subfield code="a">Dom&#xED;nguez Orozco, Jaime </subfield>
    <subfield code="e"> , autor </subfield>
    <subfield code="9">17880</subfield>
  </datafield>
  <datafield tag="245" ind1="1" ind2="0">
    <subfield code="a">Reespresi&#xF3;n </subfield>
    <subfield code="b"> : con el bolet&#xED;n B-10</subfield>
    <subfield code="c"> / Jaime Dom&#xED;nguez Orozco </subfield>
  </datafield>
  <datafield tag="250" ind1=" " ind2=" ">
    <subfield code="a">18a. edici&#xF3;n </subfield>
  </datafield>
  <datafield tag="260" ind1=" " ind2=" ">
    <subfield code="a">M&#xE9;xico</subfield>
    <subfield code="b"> : ISEF</subfield>
    <subfield code="c"> , 2004</subfield>
  </datafield>
  <datafield tag="300" ind1=" " ind2=" ">
    <subfield code="a">346 p&#xE1;ginas </subfield>
    <subfield code="c"> ; 21 cm. </subfield>
  </datafield>
  <datafield tag="500" ind1=" " ind2=" ">
    <subfield code="a">En portada: Edici&#xF3;n Integrada</subfield>
  </datafield>
  <datafield tag="505" ind1="0" ind2=" ">
    <subfield code="a">La inflaci&#xF3;n y sus efectos 
La informaci&#xF3;n contable y financiera en &#xE9;pocas inflacionarias 
La reexpresi&#xF3;n de la informaci&#xF3;n
S&#xED;ntesis gr&#xE1;fica del bolet&#xED;n B-10 reconocimiento de los efectos de la inflaci&#xF3;n de la informaci&#xF3;n 
La actualizaci&#xF3;n del inventario y costos de ventas 
La actualizaci&#xF3;n de inmuebles, maquinaria y equipo, depreciaci&#xF3;n acumulada y la depreciaci&#xF3;n del periodo 
Actualizaci&#xF3;n del capital contable 
La determinaci&#xF3;n del resultado por tenencia de activos no monetarios 
La determinaci&#xF3;n del costo integral financiero 
Los cinco documentos de adecuaciones al Bolet&#xED;n B-10
Aplicaci&#xF3;n pr&#xE1;ctica del Bolet&#xED;n B-10 con quintas adecuaciones </subfield>
  </datafield>
  <datafield tag="519" ind1=" " ind2=" ">
    <subfield code="a">Plan Flexible / </subfield>
    <subfield code="b">Contadur&#xED;a / </subfield>
    <subfield code="c">Reexpresi&#xF3;n de Estados Financieros (P22) / </subfield>
    <subfield code="d">(04 001043)</subfield>
  </datafield>
  <datafield tag="519" ind1=" " ind2=" ">
    <subfield code="a">Material Complementario / </subfield>
    <subfield code="d">(04 001042)</subfield>
  </datafield>
  <datafield tag="650" ind1=" " ind2="4">
    <subfield code="a">ESTADOS FINANCIEROS </subfield>
    <subfield code="9">150</subfield>
  </datafield>
  <datafield tag="942" ind1=" " ind2=" ">
    <subfield code="c">LB</subfield>
  </datafield>
</record>
